Model islamského bankovníctva
Islamské bankovníctvo a fungovanie islamskej ekonomiky, ktoré je zasadené do kontextu dodržiavania a uplatňovania šaríe, v súčasnosti predstavuje zaujímavú alternatívu k tradičnému modelu komerčného bankovníctva. Príspevok deskriptívne charakterizoval rozdiely v základných princípoch fungovania isla...
Gespeichert in:
| 1. Verfasser: | |
|---|---|
| Format: | Buchkapitel |
| Sprache: | Slowakisch |
| Schlagworte: | |
| Tags: |
Keine Tags, Fügen Sie das erste Tag hinzu!
|
MARC
| LEADER | 00000nla a2200000 4500 | ||
|---|---|---|---|
| 001 | 0223008 | ||
| 005 | 20240502073640.6 | ||
| 041 | 0 | |a slo | |
| 044 | |a SK | ||
| 245 | 1 | 0 | |a Model islamského bankovníctva |c Jana Drutarovská |
| 520 | |a Islamské bankovníctvo a fungovanie islamskej ekonomiky, ktoré je zasadené do kontextu dodržiavania a uplatňovania šaríe, v súčasnosti predstavuje zaujímavú alternatívu k tradičnému modelu komerčného bankovníctva. Príspevok deskriptívne charakterizoval rozdiely v základných princípoch fungovania islamského modelu v porovnaní s komerčným modelom. Teoretický úvod do problematiky islamského bankovníctva a vnímania ekonomiky z pohľadu islamského vierovyznania. | ||
| 610 | 2 | 0 | |a bankovníctvo |
| 610 | 2 | 0 | |a islam |
| 610 | 2 | 0 | |a nástroje finančné |
| 100 | 1 | |a Drutarovská, Jana, 1989- | |